| 000 -LEADER |
| fixed length control field |
00593nam a22002177a 4500 |
| 008 - FIXED-LENGTH DATA ELEMENTS--GENERAL INFORMATION |
| fixed length control field |
150601b xxu||||| |||| 00| 0 eng d |
| 020 ## - INTERNATIONAL STANDARD BOOK NUMBER |
| International Standard Book Number |
9780465003457 |
| 041 0# - LANGUAGE CODE |
| Language code of text/sound track or separate title |
eng |
| 080 ## - UNIVERSAL DECIMAL CLASSIFICATION NUMBER |
| Universal Decimal Classification number |
33 |
| 100 1# - Rafti |
| Rafti |
Sowell, Thomas, |
| 245 10 - TITLE STATEMENT |
| Title |
Applied economics : |
| Statement of responsibility, etc |
Thomas Sowell. |
| 250 ## - |
| -- |
Rev. and enl. ed. |
| 260 ## - |
| -- |
New York : |
| -- |
Basic Books, |
| -- |
c2009. |
| 300 ## - |
| -- |
336 f. ; |
| -- |
25 cm. |
| 500 ## - |
| -- |
Preface: f. vii-viii |
| 505 ## - |
| -- |
Index: f. 321-336 |
| 650 ## - |
| -- |
Ekonomiks |
| 650 ## - |
| -- |
Politika Ekonomike |
| 650 ## - |
| -- |
Zhvillimi Ekonomik |
| 942 ## - ADDED ENTRY ELEMENTS (KOHA) |
| Source of classification or shelving scheme |
|
| Item type |
Books |